000 01580nam a2200205 a 4500
008 120416s1969 ||||||||||||||||| || u
050 _aTK 7872.C7 Mal
100 _aMalmstadt, Howard V
245 1 0 _aDigital electronics for scientists
260 _aNew York
_bW. A. Benjamin
_c1969
300 _axvi, 545p. : ill.
350 _a0.00
995 _aTEXTBOOKS (COMP.SCIENCE)
_D0.00
_e03478
_FCBU-SCHOOL TEXTBOOK COLLECTIONS
_H1
_I0.00
_jSCHOOL TEXTBOOK
_M7
_UAVAILABLE
_WJul 16, 2009
_y03478
_ZMain Library Open Access Collection
995 _aANNEX COLLECTION (Main Library)
_D0.00
_e016480
_FCBU-MAIN LIBRARY (Kitwe)
_H2
_I3.00
_jTK 7872.C7 Mal
_UAVAILABLE
_y016480
_ZAnnex Low-Usage Collection
995 _aTEXTBOOKS (COMP.SCIENCE)
_D0.00
_e03477
_FCBU-SCHOOL TEXTBOOK COLLECTIONS
_H1
_I0.00
_jSCHOOL TEXTBOOK
_M6
_UAVAILABLE
_WJul 16, 2009
_y03477
_ZMain Library Open Access Collection
995 _aTEXTBOOKS (COMP.SCIENCE)
_D0.00
_e03474
_FCBU-SCHOOL TEXTBOOK COLLECTIONS
_H1
_I0.00
_jSCHOOL TEXTBOOK
_M3
_UAVAILABLE
_WJul 16, 2009
_y03474
_ZMain Library Open Access Collection
995 _aANNEX COLLECTION (Main Library)
_D0.00
_e711910
_FCBU-MAIN LIBRARY (Kitwe)
_H1
_I3.00
_jTK 7872.C7 Mal
_UAVAILABLE
_y020257
_ZAnnex Low-Usage Collection
995 _aTEXTBOOKS (COMP.SCIENCE)
_D0.00
_e03475
_FCBU-SCHOOL TEXTBOOK COLLECTIONS
_H1
_I0.00
_jSCHOOL TEXTBOOK
_M4
_UAVAILABLE
_WJul 16, 2009
_y03475
_ZMain Library Open Access Collection
995 _aTEXTBOOKS (COMP.SCIENCE)
_D0.00
_e03476
_FCBU-SCHOOL TEXTBOOK COLLECTIONS
_H1
_I0.00
_jSCHOOL TEXTBOOK
_M5
_UAVAILABLE
_WJul 16, 2009
_y03476
_ZMain Library Open Access Collection
999 _c63557
_d63557